Psychanalyse et transversalité : essai d'analyse institutionnelle /
Estudio, desde el punto de vista de un psicoanalista, sobre la relación existente entre la persona, que es el objeto de su estudio e intervención, y el contexto social, político y económico en el que el paciente se desarrolla. Parte de la constatación de que el inconsciente tiene una relación más di...
Guardado en:
| Autor principal: | |
|---|---|
| Otros autores: | |
| Formato: | Libro |
| Idioma: | Francés |
| Publicado: |
París, Francia :
François Maspero,
1972, c1972
|
| Colección: | (Psychiatrique)
|
| Temas: | |
| Etiquetas: |
Sin etiquetas, Sé el primero en etiquetar este registro!
|
MARC
| LEADER | 00000nam^a2200000^a^4500 | ||
|---|---|---|---|
| 001 | 000373109 | ||
| 005 | 20250521000000.0 | ||
| 009 | 20260310120028.735 | ||
| 037 | |a Acervo ITESO - Biblioteca | ||
| 041 | |a FRA | ||
| 082 | |a 150. 1957 |b GUA | ||
| 100 | |a Guattari, Félix |e (autor) | ||
| 240 | 1 | 1 | |a [Psicoanálisis y transversalidad: crítica psicoanalítica de las instituciones] |
| 245 | 1 | 0 | |a Psychanalyse et transversalité : |b essai d'analyse institutionnelle / |c F. Guattari ; pref. de G. Deleuze. |
| 264 | 4 | |a París, Francia : |b François Maspero, |c 1972, c1972 | |
| 300 | |a XI, | ||
| 336 | |a texto |b txt |2 rdacontenido | ||
| 337 | |a sin mediación |b n |2 rdamedio | ||
| 338 | |a volumen |b nc |2 rdasoporte | ||
| 440 | 1 | |a (Psychiatrique) | |
| 520 | |a Estudio, desde el punto de vista de un psicoanalista, sobre la relación existente entre la persona, que es el objeto de su estudio e intervención, y el contexto social, político y económico en el que el paciente se desarrolla. Parte de la constatación de que el inconsciente tiene una relación más directa con dicho contexto que con las líneas marcadas por la familia y que tradicionalmente el psicoanálisis tomaba como referencia. Se habla entonces de un análisis institucional, que debe tener en cuenta las aportaciones de las diferentes ciencias sociales y humanas de manera transversal. Considera el trasfondo histórico y político de la rebelión estudiantil ocurrida en Francia en mayo de 1968. | ||
| 649 | |a XX | ||
| 650 | |a Estudiantes - |z Francia - |x Condiciones Políticas | ||
| 650 | |a Yo (Psicoanálisis) | ||
| 650 | |a Izquierda, La | ||
| 650 | |a Movimiento Estudiantil de 1968 | ||
| 650 | |a Contrarrevolución | ||
| 650 | |a Guerrilla - |x Aspetos Psicológicos | ||
| 650 | |a Interdisciplinariedad | ||
| 650 | |a Psicoanálisis Institucional |x Tema Principal | ||
| 650 | |a Psicoanálisis y Sociedad | ||
| 650 | |a Psicoanálisis y Política | ||
| 650 | |a Psicología | ||
| 700 | |a Deleuze, Gilles |e (prefacio) | ||
| 910 | |a Fondo Armando Suárez Gómez | ||
| 920 | |a Impresos - Libros | ||
| 930 | |a Fondos Especiales | ||
| 905 | |a 111 | ||
| 901 | |a 0700002345 |b IT2 |c ESP |u 20250521 | ||
| 902 | |a https://opac.biblio.iteso.mx/vufind/Record/000373109 | ||